| 000 | 00761nam a2200289 a 4500 | ||
|---|---|---|---|
| 001 | 000114015 | ||
| 003 | CHAP | ||
| 005 | 20220329144423.0 | ||
| 008 | 171019s2015 mx |r| ||||d|spa d | ||
| 010 | _a110476 | ||
| 011 | _a111448 | ||
| 020 | _a9685146497 | ||
| 040 | _cCHAP | ||
| 082 | 0 | 4 |
_a882.2 _bS68 |
| 100 | 0 | 0 |
_aSófocles. _9108598 |
| 245 | 1 | 0 |
_aEdipo Rey / _cpor Sófocles. |
| 260 |
_aCiudad Nezahualcóyotl, México : _bEdiciones Leyenda, _c2015. |
||
| 300 | _a55 p. | ||
| 490 | _aColección clásicos | ||
| 590 |
_aBATCH-UPD _b05 _c20171019 _lUCH01 _h1125 |
||
| 590 |
_aE5765TAJ _b05 _c20171019 _lUCH01 _h1124 |
||
| 650 | 1 | 4 |
_aTeatro griego. _9111863 |
| 830 | 0 | 0 |
_aColección clásicos _924754 |
| 901 | _aBK | ||
| 942 | _cLIBRO | ||
| 942 | _n0 | ||
| 999 |
_c110476 _d110476 |
||